Is the Quote from Star Wars, Casablanca, or Titanic? - Statistics

General Stats
  • This quiz has been taken 2,089 times
  • The average score is 9 of 15
Answer Stats
Question Answer % Correct
Promise me you’ll survive. That you won’t give up, no matter what happens. No matter how hopeless. Titanic
82%
Here's looking at you, kid. Casablanca
75%
Great, kid, don’t get cocky. Star Wars
74%
You will never find a more wretched hive of scum and villainy. Star Wars
69%
In my experience, there’s no such thing as luck. Star Wars
67%
Just because you despise me, you are the only one I trust. Casablanca
65%
You like me because I'm a scoundrel. Star Wars
65%
I saw my whole life as if I’d already lived it. Titanic
65%
I don't mind a parasite. I object to a cut-rate one. Casablanca
62%
Of course it’s unfair. We’re women. Our choices are never easy. Titanic
61%
Don’t presume to tell me what I will, will not do! You don’t know me! Titanic
57%
Remember, they love money, so pretend like you own a gold mine and you’re in the club. Titanic
55%
I heard a story once - as a matter of fact, I've heard a lot of stories in my time. Casablanca
53%
Many of the truths we cling to depend greatly on our own point of view. Star Wars
50%
Go ahead and shoot. You'll be doing me a favor. Casablanca
47%
No matching quizzes found
Score Distribution
Percent of People with Each Score
Percentile by Number Answered
Your Score History
You have not taken this quiz